| 000 | 00568cam a2200193 a 4500 | ||
|---|---|---|---|
| 001 | 4855306 | ||
| 005 | 20250910105101.0 | ||
| 008 | 910105s1990 miu 000 0 eng | ||
| 020 | _a0801009855 | ||
| 020 | _a9780801009853 | ||
| 050 | 0 | 0 |
_aBV210.2 _b.B6752 1990 |
| 082 | 0 | 0 |
_a248.3/2 _220 |
| 100 | 1 |
_aBounds, Edward M. _q(Edward McKendree), _d1835-1913. |
|
| 245 | 1 | 4 | _aThe complete works of E.M. Bounds on prayer. |
| 260 |
_aGrand Rapids, Mich. : _bBaker Book House, _cc1990. |
||
| 300 |
_a568 p. ; _c23 cm. |
||
| 650 | 0 |
_aPrayer _xChristianity. |
|
| 942 |
_2lcc _cBK _n0 |
||
| 999 |
_c7504 _d7504 |
||